Türkiye'de stratejik düşünce kültürü ve stratejik araştırma merkezleri (Record no. 8076)

MARC details
000 -BAŞLIK
Sabit Uzunlukta Kontrol Alanı 01104na a2200325 4500
001 - KONTROL NUMARASI
Denetim Alanı 16631
003 - KONTROL NUMARASI IDENTIFIER
Denetim Alanı MIRAKIL
005 - SON İŞLEM TARİHİ VE ZAMANI
Denetim Alanı 20181213155159.0
008 - SABİT-BOY VERİ ELEMANLARI - GENEL BİLGİLER
Sabit Uzunlukta Kontrol Alanı 161013b tu 000 0
020 ## - ULUSLARARASI STANDART KİTAP NUMARASI
Uluslararası Standart Kitap Numarası 9786053951872
035 ## - SİSTEM KONTROL NUMARASI
Sistem Kontrol Numarası 16631
040 ## - KATALOGLAMA KAYNAK
Orijinal Kataloglama Ajansı Milas
Kataloglama Dili tur
Metne Dönüştürmek Ajansı TR-AnCHP
041 ## - DİL KODU
Metin / Ses Parça Veya Ayrı Başlığın Dil Kodu tur
082 ## - DEWEY ONLU SINIFLANDIRMA NUMARASI
Sınıflandırma Numarası 355.02
Ürün Numarası T96 2009
090 ## - SINIFLAMA NUMARASI
Sınıflama Numarası 355.02 T96 2009
245 ## - BAŞLIK TABLOSU
Başlık Türkiye'de stratejik düşünce kültürü ve stratejik araştırma merkezleri
Başlığın Kalan başlangıcından bugüne Türk düşünce kuruluşları
Sorumluluk Tablosu, Vb Editörler Hasan Kanpolat, Hasan Ali Karasar
246 ## - UNVAN FORM VARYING
Başlık Doğru / Kısa Başlığı Başlangıcından bugüne Türk düşünce kuruluşları
260 ## - YAYIN, DAĞITIM, VB
Yayın, Dağıtım, Vb Yeri Ankara
Yayıncı, Dağıtıcı, Vs Adı Nobel Yayın Dağıtım
Yayın, Dağıtım, Vb Tarihi 2009
300 ## - FİZİKSEL TANIM
Kapsam 544 s.
Diğer Fiziksel Ayrıntıları res.
Boyutlar 23 sm.
440 ## - SERİSİ TABLOSU / KATMA GİRİŞİ - BAŞLIK
Başlık Nobel Yayın
Hacim / Ardışık Tanımı 1391
490 ## - SERİSİ TABLOSU
Seri Beyanı Uluslararası ilişkiler
Hacim / Ardışık Tanımı 55
650 ## - KONU KATMA GİRİŞ - TOPİKAL DÖNEM
Topikal Süreli Veya Coğrafi Ad Giriş Elemanı Strateji
650 ## - KONU KATMA GİRİŞ - TOPİKAL DÖNEM
Topikal Süreli Veya Coğrafi Ad Giriş Elemanı Stratejik planlama
650 ## - KONU KATMA GİRİŞ - TOPİKAL DÖNEM
Topikal Süreli Veya Coğrafi Ad Giriş Elemanı Düşünce kuruluşları (think tank)
Coğrafi Alt Bölümü Türkiye
651 ## - KONU KATMA GİRİŞ - COĞRAFİ ADI
Coğrafi İsim Türkiye
Genel Alt Bölümü Uluslararası ilişkiler
651 ## - KONU KATMA GİRİŞ - COĞRAFİ ADI
Coğrafi İsim Türkiye
Genel Alt Bölümü Siyaset ve yönetim
700 ## - KATMA GİRİŞ - KİŞİSEL İSİM
Kişisel Ad Kanpolat, Hasan
700 ## - KATMA GİRİŞ - KİŞİSEL İSİM
Kişisel Ad Karasar, Hasan Ali
942 ## - EKLENDİ GİRİŞ ELEMANLARI (KOHA)
Sınıflandırma Veya Raf Düzeni Kaynak
Koha Öğesi Türü Books
999 ## - SİSTEM KONTROL NUMARALARI (KOHA)
Koha Biblionumber 8076
Koha Biblioitemnumber 8076
Holdings
Kalıcı Konum Mevcut Konum Edinme Tarihi Edinim Kaynak Toplam Check-Out'Lar Tam Çağrı Numarası Barkod Tarih Son Görülme İtibaren Geçerli Fiyatlar Koha Öğesi Türü Kopya Sayısı
CHP Kütüphanesi CHP Kütüphanesi 10/09/2016 Bağış   355.02 T96 2009 006651 10/09/2016 10/09/2016 Books  
CHP Kütüphanesi CHP Kütüphanesi 07/11/2017 Bağış   355.02 T96 2009 017076 07/11/2017 07/11/2017 Books k.2